Statistiques concernant Les aliments jaunes par images

Cliquez ici pour prendre le quiz!

Statistiques générales

  • Ce quiz a été pris 1 423 fois
    (1 259 depuis la dernière actualisation)
  • Le résultat moyen est 19 sur 24

Statistiques - réponses

Réponse% Correct
Citron
100%
Maïs
100%
Ananas
99%
Beurre
99%
Pomme
99%
Banane
98%
Chips
98%
Miel
98%
Pomme de terre
98%
Jaune d'oeuf
97%
Poire
97%
Poivron
96%
Blé
95%
Pâtes
95%
Huile de Tournesol
90%
Moutarde
85%
Curry
73%
Omelette
66%
Gruyère
61%
Pissenlit
56%
Mirabelle
38%
Girolle
25%
Carambole
19%
Kiwano
4%

Distribution des résultats

Percentile par nombre de réponses

% des personnes avec chaque résultat

Votre développement - résultats

Vous n’avez pas pris ce quiz depuis la dernière actualisation